banner-ar

SURREALIST ART / (Record no. 18773)

MARC details
000 -الفاتح
حقل البيانات ثابتة الطول 00488nam a2200193Ia 4500
008 - عناصر البيانات ثابتة الطول - معلومات عامة
حقل البيانات ثابتة الطول 140319s9999 xx 000 0 eng d
040 ## - مصدر الفهرسة
وكالة الفهرسة الأصلية GCL /
وكالة النسخ GCL
082 04 - رقم تصنيف ديوى العشرى
رقم التصنيف 709.04063
رقم المادة A S
100 1# - المدخل الرئيسى - إسم شخصى
الإسم الشخصى ALEXANDRIAN, SARANE
245 10 - بيان العنوان
العنوان SURREALIST ART /
بيان المسئوليه,etc ALEXANDRIAN, SARANE
260 ## - PUBLICATION, DISTRIBUTION, ETC. (IMPRINT)
تاريخ النشر أو التوزيع 1993
300 ## - الوصف المادى
التعداد 256
650 04 - المدخل الاضافى بالموضوع-مصطلح موضوعى
مصطلح موضوعي ARTS
650 04 - المدخل الاضافى بالموضوع-مصطلح موضوعى
مصطلح موضوعي HISTORY AND CRITICISM
650 04 - المدخل الاضافى بالموضوع-مصطلح موضوعى
مصطلح موضوعي SURREALISTS
650 04 - المدخل الاضافى بالموضوع-مصطلح موضوعى
مصطلح موضوعي ARTS, MODERN
942 ## - عناصر المدخل الإضافي( كوها)
مصدر التصنيف او مخطط الترفيف Dewey Decimal Classification
Koha [default] item type كتاب
260 ## - PUBLICATION, DISTRIBUTION, ETC. (IMPRINT)
-- [S.N] :
-- THAMES AND HUDSON ،
Holdings
حالة التراجع حالة الفقد حالة تلف ليس للاعارة المكان المؤقت الموقع الحالى تاريخ الاكتساب اجمالي اﻻعارات رقم الطلب الباركود تاريخ اخر مشاهدة تاريخ تفعيل السعر نوع وعاء كوها
        مكتبة القاهرة الكبرى مكتبة القاهرة الكبرى 03/26/2014   709.04063\A S 35845 03/26/2014 03/26/2014 كتاب
        مكتبة القاهرة الكبرى مكتبة القاهرة الكبرى 03/26/2014   709.04063\A S 35846 03/26/2014 03/26/2014 كتاب
        مكتبة القاهرة الكبرى مكتبة القاهرة الكبرى 03/26/2014   709.04063\A S 35847 03/26/2014 03/26/2014 كتاب

Powered By

EGPV